| 000 | 00640nam a22001937a 4500 | ||
|---|---|---|---|
| 999 |
_c11937 _d11937 |
||
| 003 | AR-CdUCM | ||
| 008 | 190405b ||||| |||| 00| 0 spa d | ||
| 040 |
_aMUNICIPALIDAD PROVINCIAL DEL CUSCO _cBIBLIOTECA MUNICIPAL DEL CUSCO |
||
| 082 |
_a347.6L / _bN944 / 1929 |
||
| 245 | _aNovísima ley procesal de quiebras / | ||
| 260 |
_aLima : _bTalleres gráficos de la penitenciaria, _c1932. |
||
| 300 |
_a65 páginas ; _c22 cm. |
||
| 505 | _aContenido: Ley procesal, disposiciones generales. | ||
| 650 |
_aLey procesal _910654 |
||
| 650 |
_adisposiciones generales _928280 |
||
| 650 |
_aQuiebra _99061 |
||
| 942 |
_2ddc _cLIBROS |
||
| 945 | _adavv | ||